000
00226nam a2200097Ia 4500
008
240331s9999 xx 000 0 und d
082
_b
VAA
100
_a
Vaanamamalai, N
245
0
_a
Illakiyathil uladakkamum uruvamum
942
_c
L
999
_c
3671
_d
3671